000 00771nam a22002537a 4500
001 BR9504262
003 BR-BrBNA
005 20230928094625.0
007 ta
008 230509b bl.||||| |||| 00| 0 por d
040 _aBR-BrBNA
_bpor
_cBiblioteca Nacional de Agricultura
041 _a(Por)
072 _aF06; N20
_b4630
090 _ 4630 BR9504262
110 1 _aPrograma Nacional para Aproveitamento de Varzeas Irrigaveis, Brasilia, DF (Brasil)
_98051
245 1 _aConsultoria internacional em utilizacao racional do solo e da agua. Relatorio
260 3 _aBrasilia, DF (Brasil):
_c1988.
300 _a9 p.
650 _aIrrigacao
650 _aEquipamento de Irrigacao
650 _aManejo de Agua
909 _a202309
_bLucia
_c55
_dLucia Elande
942 _cBK
999 _c51716
_d51716